000 00939nam a2200133Ia 4500
008 220620s9999||||xx |||||||||||||| ||und||
020 _a9783040000000
245 0 _aExploring Sikh Traditions and Heritage
546 _aEnglish[eng]
650 _aBābar-vāṇī||Babur||Baburnama||Dawlat Khan Lodi||Gurdas||Guru Nanak||Janam-sākhīs||Miharvan||Rattan Singh Bhangu||Saidpur||Sikh||Raghavdas||Dadu||Kabir||Bhai Gurdas||Bhakt-māl||Nabhadas||Udasi||diaspora||activism||radicalism||Sikhism||Kartarpur Corridor||Imran Khan||Navjot Sidhu||diasporic Sikhs||autoethnography||lived experience||reflexivity||gurmat||pandemic||humanitarianism||ethics||faith||millennials||Gen Z||civil society||Akal Takht||jathedār||Sikh institutions||Sikh Rehat Maryada||Shiromani Gurdwara Parbandhak Committee (SGPC)||authority||legitimacy||n/a
700 _aSingh, Pashaura
856 _uhttps://mdpi.com/books/pdfview/book/4193
942 _cEB
999 _c34128
_d34128